• 首页
  • 本馆介绍
  • 公告通知
  • 最新文献
  • 馆藏检索
  • 电子资源
  • 读者导购
  • 参考咨询
  • 我的图书馆
  • 登录
  • 详细信息显示
  • 放入我的书架
  • 预约/预借图书
  • 作者相关作品
  • 分类相关作品
  • 丛书相关作品
  • 出版社相关作品

书目信息

  • 表格格式
  • 工作单格式
  • 卡片格式
题名:
中国资源科学学科史
    
 
作者: 成升魁 主编 ;中国科学技术协会 , 中国自然资源学会 主编
分册:  
出版信息: 北京   中国科学技术出版社  2017.12
页数: 472页
开本: 26cm
丛书名: 中国学科史研究报告系列
单 册:
中图分类: P96-092 , P96
科图分类:
主题词: 资源科学--科学史--研究--中国
电子资源:
ISBN: 978-7-5046-7472-2
000 01238oam2 2200289 450
001 455
005 20180922133438.23
010    @a978-7-5046-7472-2@dCNY99.00
100    @a20180714d2017 em y0chiy50 ea
101 0  @achi
102    @aCN@b110000
105    @aa z 000yy
200 1  @a中国资源科学学科史@9zhong guo zi yuan ke xue xue ke shi@f中国科学技术协会主编@g中国自然资源学会编著
210    @a北京@c中国科学技术出版社@d2017.12
215    @a472页@c图,照片@d26cm
225 1  @a中国学科史研究报告系列@v3
314    @a主编取自编委会名单
330    @a本书分为学科前史、学科现代史、基础分支学科史、部门分支学科史四部分,内容包括:中国古代自然资源利用及成就、古代自然资源的科学史观、西学东渐与中国近代资源科学的孕育、自然资源综合科学考察与资源科学的创立、现代资源科学学科建制的创立与发展、资源地理学、资源生态学、资源法学、土地资源学、水资源学等。
461  0 @12001 @a中国学科史研究报告系列
606 0  @a资源科学@x科学史@x研究@y中国
690    @aP96-092@v5
690    @aP96@v4
701  0 @a成升魁@9cheng sheng kui@4主编
712 02 @a中国科学技术协会@9zhong guo ke xue ji shu xie hui@4主编
712 02 @a中国自然资源学会@9zhong guo zi ran zi yuan xue hui@4编著
801  0 @aCN@b91MARC@c20180714
905    @aMuseLib@dP96@e167
    
    中国资源科学学科史/中国科学技术协会主编/中国自然资源学会编著.-北京:中国科学技术出版社,2017.12
    472页:图,照片;26cm.-(中国学科史研究报告系列;3)
    
    
    ISBN 978-7-5046-7472-2:CNY99.00
    本书分为学科前史、学科现代史、基础分支学科史、部门分支学科史四部分,内容包括:中国古代自然资源利用及成就、古代自然资源的科学史观、西学东渐与中国近代资源科学的孕育、自然资源综合科学考察与资源科学的创立、现代资源科学学科建制的创立与发展、资源地理学、资源生态学、资源法学、土地资源学、水资源学等。
●
相关链接 在E读中查询图书 在五车中查询图书 在当当中查询图书 在豆瓣中查询图书


正题名:中国资源科学学科史     索取号:P96/167         预约/预借

序号 登录号 条形码 馆藏地/架位号 状态 备注
1 1119964   211199647   第二样本阅览室/ [索取号:P96/167] 在馆    
2 1119965   211199656   第三借阅区/ [索取号:P96/167] 在馆    
3 1119966   211199665   第三借阅区/ [索取号:P96/167] 在馆    
4 1119967   211199674   第三借阅区/ [索取号:P96/167] 在馆    
5 1119968   211199683   密集书库-资源管理系/ [索取号:P96/167] 在馆    
唐山师范学院图书馆 欢迎您!
大连网信软件有限公司© 版权所有